000 00639nam a2200181 a 4500
001 000041191
005 20201002034708.0
008 130925s2000 sp ab 001 0 spa d
020 _a8400078888
040 _aDO-SdBNP
_bspa
_cBNPHU
082 _axxxx
_bxxxx
245 0 4 _aLos cartagineses y la monetización del mediterráneo occidental /
_ccoordinadores Ma. Paz García-Bellido, Laurent Callegarin.
260 _aMadrid, :
_bCSIC,
_c2000.
300 _a184 p. :
_bil., maps. ;
_c28 cm.
500 _aIncluye índices
504 _aIncluye notas y referencias bibliográficas al pie de las páginas
700 1 _aCallegarin, Laurent
_967762
999 _c40681
_d40681